000 00337nam a2200145Ia 4500
005 20251222141833.0
008 251222s9999||||xx |||||||||||||| ||spa||
020 _a8401379385
082 _a823.92/H76
100 _aHorsfall, Rebecca
245 0 _aBailando sobre Espinas
250 _a1ra.ed.
264 _bPlaza & Janés
942 _cLIB
999 _c7181
_d7181